El Ciclo en las economías agrícolas de exportación de América Latina /
Sparad:
| Huvudupphovsman: | |
|---|---|
| Materialtyp: | Text |
| Taggar: |
Lägg till en tagg
Inga taggar, Lägg till första taggen!
|
MARC
| LEADER | 00000 a a2200000 04500 | ||
|---|---|---|---|
| 001 | 15709 | ||
| 003 | |||
| 040 | |a CRAI/IIS |c CRAI/IIS | ||
| 100 | |a Pérez Brignoli, Héctor | ||
| 245 | |a El Ciclo en las economías agrícolas de exportación de América Latina / |c Héctor Pérez Brignoli | ||
| 773 | |g número 5; páginas 9-46 | ||
| 999 | |c 19627 |d 19627 | ||
